01856nam a2200301 a 4500001001000000005001700010008004100027041000800068044000800076084002100084100004500105245011000150250000600260260002800266300002200294500020900316500028700525500037400812500006301186500001001249546002401259650005201283650005601335650003401391650004501425700003401470740005001504BRCA_319320190320204145.0180209s1719----enka---###---#000-0#eng-u aeng aenk a494b.K537c17191 aCervantes Saavedra, Miguel ded1547-161610aThe History of the Renowned Don Quixote de la ManchacWritten in Spanish by Miguel de Cervantes Saavedra. a4 aLondresbKnaplockc1719 a4 v.bil.c30 cm. aContenido : v 1. Primera parte. Advertencia del traductor. Noticia biográfica sobre Cervantes. Prólogo del autor. Texto. -- v 2. Texto. -- v 3. Segunda parte. Prólogo del autor. Texto. -- v 4. Texto aEdición : In 4 Volumes. Translated by Several Hands and Publicated by Peter Motteux. Adorned With New Sculptures. The Fourth Edition Carefully Revised and Compared With the Best Editions of the Original. Printed at Madrid by J. Ozell. NUllum Magnun Ingenium Sine Mixtura Dementiae aCuarta edición de la traducción de Motteux, revisada y corregida por J. Ozell en vista de la edición príncipe de Madrid. En efecto, Ozell enmendó varios pasajes y restableció algunos trozos omitidos por Motteux, pero su trabajo es incompleto, pues quedaron muchas cláusulas sin corregir. También omite las dedicatorias cervantinas. Piel Lúdovik Osterc aEstado físico : El volumen 1 presenta guarda desprendida aQM405 aTexto en : inglés14aNovela españolayÉpoca clásica, 1500-170014aLiteratura españolayÉpoca clásica, 1500-170014aNovela españolaySiglo XVII14aDon Quijote (Personaje ficticio)eNovela1 aOzell, Johnd?-1743eAnotador0 aEl Ingenioso Hidalgo Don Quijote de la Mancha